Global Development Finance: Mobilizing Finance and Managing Vulnerability (Record no. 5276)

MARC details
005 - DATE AND TIME OF LATEST TRANSACTION
control field 20250626095728.0
020 ## - INTERNATIONAL STANDARD BOOK NUMBER
International Standard Book Number 9780821359846
082 ## - DEWEY DECIMAL CLASSIFICATION NUMBER
Classification number 332.042 WOR
111 ## - MAIN ENTRY--MEETING NAME
Meeting name or jurisdiction name as entry element WORLD BANK
245 ## - TITLE STATEMENT
Title Global Development Finance: Mobilizing Finance and Managing Vulnerability
260 ## - PUBLICATION, DISTRIBUTION, ETC.
Place of publication, distribution, etc. Appendix
Name of publisher, distributor, etc. THE WORLD BANK
Date of publication, distribution, etc. 2005
300 ## - PHYSICAL DESCRIPTION
Extent Xiii,171
Dimensions 25cm
942 ## - ADDED ENTRY ELEMENTS (KOHA)
Source of classification or shelving scheme Dewey Decimal Classification
Koha item type Books
Holdings
Date last seen Total checkouts Full call number Barcode Cost, replacement price Price effective from Koha item type Lost status Source of classification or shelving scheme Damaged status Not for loan Withdrawn status Home library Current library Shelving location Date acquired Source of acquisition Cost, normal purchase price
06/26/2025   332.042 DOM000685 150000.00 06/26/2025 Books   Dewey Decimal Classification       CBE Dodoma CBE Dodoma General Collection 06/26/2025 Library budget 655000.00
06/26/2025   332.042 WOR DOM000687 150000.00 06/26/2025 Books   Dewey Decimal Classification       CBE Dodoma CBE Dodoma General Collection 06/26/2025 Library budget 655000.00
06/27/2025   332.042 WOR DOM000714 150000.00 06/27/2025 Books   Dewey Decimal Classification       CBE Dodoma CBE Dodoma General Collection 06/27/2025 Library budget 655000.00
06/27/2025   332.042 WOR DOM000731 150000.00 06/27/2025 Books   Dewey Decimal Classification       CBE Dodoma CBE Dodoma General Collection 06/27/2025 Library budget 655000.00